Funerals with Over 1,000,000 Attendees - Statistics

General Stats
  • This quiz has been taken 48 times
  • The average score is 15 of 48
Answer Stats
Year Answer Country Attendees % Correct
1984 Indira Gandhi India 3,500,000
98%
1948 Mohandas Gandhi India 2,000,000
98%
1994 Kim Il Sung North Korea 2,000,000
84%
2011 Kim Jong Il North Korea 1,000,000
84%
2002 Elizabeth Bowes-Lyon United Kingdom 1,000,000
79%
2022 Elizabeth II Windsor United Kingdom 1,000,000
79%
2005 John Paul II Vatican City / Italy 4,000,000
77%
2013 Nelson Mandela South Africa 1,000,000
72%
1952 Eva Perón Argentina 3,000,000
63%
1953 Joseph Stalin Soviet Union 2,000,000
63%
1976 Mao Zedong China 1,000,000
63%
1974 Juan Perón Argentina 1,135,000
60%
1989 Seyyed Ruhollah Khomeini Iran 10,000,000
56%
1997 Diana Spencer United Kingdom 1,000,000
53%
1975 Chiang Kai-shek Taiwan 2,500,000
49%
2013 Hugo Chávez Venezuela 2,000,000
49%
1997 "Mother" Mary Teresa Bojaxhiu India(from Albania) 1,000,000
47%
1970 Gamal Abdel Nasser United Arab Republic(Egypt) 3,000,000
37%
1964 Jawaharlal Nehru India 1,500,000
35%
1979 Park Chung-hee South Korea 2,000,000
28%
1994 Ayrton Senna Brazil 3,000,000
21%
1983 Benigno "Ninoy" Aquino Jr. Philippines 2,000,000
19%
2020 Qasem Soleimani Iran 7,000,000
19%
1885 Victor Hugo France 2,500,000
14%
2018 Akhtar Raza Khan India 1,000,000
12%
2025 Khaleda Zia Bangladesh 2,400,000
12%
2025 Sayyid Hassan Nasrallah Lebanon 1,500,000
12%
1852 Arthur Wellesley United Kingdom 1,500,000
9%
1981 Ziaur Rahman Bangladesh 2,000,000
9%
1978 Houari Boumédiène Algeria 2,000,000
7%
1969 C. N. Annadurai India 15,000,000
5%
2025 Dahiru Usman Bauchi Nigeria 4,000,000
5%
1984 Enrico Berlinguer Italy 1,000,000
5%
2006 Ibrahim Rugova Kosovo(UN Administered) 1,000,000
5%
1987 M. G. Ramachandran India 3,500,000
5%
1988 Muhammad Zia-ul-Haq Pakistan 1,000,000
5%
2021 Puneeth Rajkumar India 3,500,000
5%
1975 Umm Kulthum Egypt 4,000,000
5%
2013 Võ Nguyên Giáp Vietnam 1,000,000
5%
2012 Bal Thackeray India 2,000,000
2%
2010 Girija Prasad Koirala Nepal 1,000,000
2%
2016 Jayaram Jayalalithaa India 2,000,000
2%
2012 Shenouda III Roufail Egypt 1,000,000
2%
2017 Akbar Hashemi Rafsanjani Iran 2,500,000
0%
2017 Johnny Hallyday France 1,000,000
0%
2018 Muthuvel Karunanidhi India 1,000,000
0%
2011 Necmettin Erbakan Turkey 1,200,000
0%
2025 Zubeen Garg India 1,100,000
0%
No matching quizzes found
Score Distribution
Percent of People with Each Score
Percentile by Number Answered
Your Score History
You have not taken this quiz